100 Most Popular Baby Girl Names Starting with I in the UK, 2021 - Statistics

General Stats
  • This quiz has been taken 273 times
  • The average score is 38 of 100
Answer Stats
Name % Correct
Isabel
97%
Isabelle
96%
Isabella
94%
Isobel
92%
Ivie
91%
Ivy
91%
Isla
90%
Isobelle
90%
Izabel
90%
Izabelle
90%
Izza
90%
Izabella
88%
Izzah
88%
Isobella
87%
Isabela
86%
Izabela
86%
Ida
84%
Iyla
84%
Imogen
83%
Indi
83%
Iylah
83%
Iris
82%
India
80%
Indie
78%
Indy
78%
Irene
74%
Iva
68%
Izzie
63%
Izzy
63%
Irha
59%
Ira
58%
Ina
49%
Ivana
48%
Ivanna
48%
Iona
47%
Indianna
44%
Indiana
42%
Irina
42%
Imaan
39%
Iman
39%
Ivory
39%
Iliana
34%
Ines
32%
Ilana
30%
Inez
30%
Ivy-Rose
30%
Ingrid
28%
Isla-Rose
28%
Indigo
26%
Indira
26%
Isha
26%
Iyla-Rose
26%
Imelda
25%
Isra
22%
Imani
21%
Isla-Mae
21%
Isla-May
21%
Ivy-Mae
21%
Ivy-May
21%
Isadora
20%
Isla-Mai
20%
Israa
20%
Ivy-Mai
20%
Inaaya
19%
Inaya
19%
Inayah
18%
Isabella-Rose
16%
Italia
16%
Ivy-Grace
15%
Isla-Grace
13%
Ida-Rose
11%
Indie-Rose
11%
Iqra
10%
Isla-Rae
10%
Ivy-Rae
10%
India-Rose
9%
Isabella-Grace
9%
Ivy-Leigh
9%
Inara
7%
Inarah
7%
Iga
6%
Iyana
6%
Ilaria
5%
Ilyana
5%
Indie-Rae
3%
Irhaa
2%
Irsa
2%
Ishani
2%
Ifra
1%
Inaayah
1%
Iniya
1%
Insha
1%
Ioana
1%
Iasmina
0%
Ieva
0%
Ifrah
0%
Ilinca
0%
Inayat
0%
Ishika
0%
Ismah
0%
No matching quizzes found
Score Distribution
Percent of People with Each Score
Percentile by Number Answered
Your Score History
You have not taken this quiz